| 000 | 00400nam a2200181Ia 4500 | ||
|---|---|---|---|
| 100 | _aDeb/S.R/ Deb/S | ||
| 650 | _aRobotics | ||
| 250 | _a2 | ||
| 942 | _cBK | ||
| 366 | _f25 | ||
| 654 | _arobotics | ||
| 245 | _aRobotics technology and flexible automation | ||
| 260 |
_bTata Mc Graw hill Ltd. _c2010 |
||
| 082 |
_a629.892 _bDEB |
||
| 300 | _a552 | ||
| 546 |
_aENGLISH _cInfo.Tech |
||
| 999 |
_c20160 _d20160 |
||